東急電鉄の駅(五十音順) - Statistics

General Stats
  • This quiz has been taken 47 times
  • The average score is 73 of 98
Answer Stats
Hint Answer % Correct
田園都市線 池尻大橋
97%
大井町線 大井町
97%
田園都市線 あざみ野
91%
目黒線/大井町線 大岡山
91%
東横線 学芸大学
91%
東横線/田園都市線 渋谷
91%
田園都市線/こどもの国線 長津田
91%
田園都市線 青葉台
88%
池上線/多摩川線 蒲田
88%
東横線/大井町線 自由が丘
88%
東横線/目黒線 新丸子
88%
新横浜線 新横浜
88%
東横線/目黒線/多摩川線 多摩川
88%
東横線/目黒線 田園調布
88%
東横線 中目黒
88%
東横線/目黒線/新横浜線 日吉
88%
田園都市線/大井町線 二子玉川
88%
田園都市線/大井町線 溝の口
88%
目黒線 目黒
88%
東横線 横浜
88%
池上線 池上
84%
田園都市線/世田谷線 三軒茶屋
84%
田園都市線 中央林間
84%
東横線 白楽
84%
東横線 東白楽
84%
東横線/目黒線 武蔵小杉
84%
東横線/目黒線 元住吉
84%
東横線 大倉山
81%
こどもの国線 こどもの国
81%
田園都市線 駒沢大学
81%
新横浜線 新綱島
81%
東横線 代官山
81%
東横線 都立大学
81%
田園都市線 二子新地
81%
田園都市線 南町田グランベリーパーク
81%
東横線 妙蓮寺
81%
東横線 祐天寺
81%
目黒線 奥沢
78%
こどもの国線 恩田
78%
田園都市線 梶が谷
78%
東横線 菊名
78%
池上線 五反田
78%
田園都市線 鷺沼
78%
田園都市線 桜新町
78%
世田谷線 下高井戸
78%
世田谷線 世田谷
78%
田園都市線 たまプラーザ
78%
東横線 綱島
78%
田園都市線 宮崎台
78%
目黒線 武蔵小山
78%
池上線 雪が谷大塚
78%
田園都市線 用賀
78%
田園都市線 江田
75%
大井町線 上野毛
75%
東横線 反町
75%
田園都市線 つきみ野
75%
田園都市線 宮前平
75%
田園都市線 市が尾
72%
池上線 荏原中延
72%
田園都市線 すずかけ台
72%
池上線 戸越銀座
72%
大井町線/池上線 旗の台
72%
多摩川線 矢口渡
72%
池上線 大崎広小路
69%
多摩川線 下丸子
69%
田園都市線 高津
69%
田園都市線 つくし野
69%
大井町線 等々力
69%
大井町線 中延
69%
多摩川線 沼部
69%
目黒線 不動前
69%
多摩川線 鵜の木
66%
大井町線 尾山台
66%
大井町線 九品仏
66%
大井町線 下神明
66%
目黒線 洗足
66%
田園都市線 田奈
66%
大井町線 荏原町
63%
池上線 御嶽山
63%
世田谷線 松陰神社前
63%
池上線 洗足池
63%
目黒線 西小山
63%
田園都市線 藤が丘
63%
大井町線 緑が丘
63%
大井町線 北千束
59%
大井町線 戸越公園
59%
多摩川線 武蔵新田
59%
池上線 千鳥町
56%
池上線 長原
56%
世田谷線 若林
56%
世田谷線 上町
53%
池上線 久が原
53%
世田谷線 西太子堂
53%
池上線 蓮沼
53%
世田谷線 山下
53%
池上線 石川台
50%
世田谷線 松原
50%
世田谷線 宮の坂
41%
No matching quizzes found
Score Distribution
Percent of People with Each Score
Percentile by Number Answered
Your Score History
You have not taken this quiz